Names in Catalan, Spanish and English. - Statistics

General Stats
  • This quiz has been taken 168 times
  • The average score is 41 of 54
Answer Stats
Hint Answer % Correct
Josep José
97%
Carles Carlos
95%
Maria María
95%
Antoni Antonio
93%
Marc Marcos
93%
Anthony
92%
Charles
92%
Felip Felipe
92%
Llúcia Lucía
92%
Lluís Luis
92%
Mark
92%
Thomas
92%
Michael
91%
Andrew
89%
Enric Enrique
89%
Joseph
89%
Joan Juan
89%
Mary
89%
Philip
89%
Nicolau Nicolás
88%
Miquel Miguel
87%
Tomàs Tomás
87%
Elizabeth
86%
John
85%
Guillem Guillermo
83%
Agnes
80%
Peter
80%
William
80%
Andreu Andrés
79%
Stephen
79%
Esteve Esteban
78%
Pere Pedro
78%
Nicholas
77%
Henry
76%
Paul
74%
Lucy
71%
George
70%
Luke
68%
Ferran Fernando
66%
Pau Pablo
66%
Jordi Jorge
65%
Lluc Lucas
64%
Rosary
63%
Elisabet Isabel
61%
Arnold
59%
Eleanor
56%
Lewis
54%
Elionor Leonor
49%
Roser Rosario
49%
Ferdinand
47%
Arnau Arnaldo
41%
Agnès Inés
35%
Dídac Diego
31%
James
20%
No matching quizzes found
Score Distribution
Percent of People with Each Score
Percentile by Number Answered
Your Score History
You have not taken this quiz